Historia universal: los pueblos - los hombres - las ideas
Saved in:
| 主要作者: | |
|---|---|
| 格式: | 圖書 |
| 語言: | 西班牙语 |
| 出版: |
Buenos Aires
Sudamericana
1959
|
| 主題: | |
| 標簽: |
添加標簽
沒有標簽, 成為第一個標記此記錄!
|
MARC
| LEADER | 00000nam a2200000 a 4500 | ||
|---|---|---|---|
| 001 | UCT3438 | ||
| 003 | CL-VaPUC | ||
| 008 | 961024e19590000AG |||||||||||||||||spa|d | ||
| 082 | 0 | 4 | |a 909 |b VAL |2 21 |
| 100 | 0 | |a Valentín, Veit |e author |9 372374 | |
| 245 | 1 | 0 | |a Historia universal: los pueblos - los hombres - las ideas |
| 300 | |a v | ||
| 942 | |c BK | ||
| 945 | |d 19961024 00:00:00 |a lriquelm | ||
| 260 | |a Buenos Aires |b Sudamericana |c 1959 | ||
| 650 | 7 | |a HISTORIA UNIVERSAL SIGLO 19 |2 CL-VaPUC |9 372375 | |
| 650 | 7 | |a HISTORIA UNIVERSAL SIGLO 20 |2 CL-VaPUC |9 361893 | |
| 651 | 0 | |a Europa |9 255156 | |
| 651 | 0 | |a América |9 255182 | |
| 651 | 0 | |a Asia |9 268338 | |
| 583 | |a last modification |c 20160826 04:41:10 |k Rodrigo Vera | ||
| 999 | |c 253089 |d 253087 | ||